000 00892cgm a2200265 4500
001 J614
008 090401t1992 xxu||||| |||| 00| 0 eng d
035 _a(Sirsi) u75779
041 _aeng
050 _a346.4104344
100 _aGillett, Alan
245 _aCatch a falling rent! Rent reviews (sound recording).
260 _aLondon
_bRICS
_c1992
300 _a1 sound cassette (60 min.)
350 _a8.7
490 _aOwlion Audio Programme
520 _aThis programme deals with the subject of settling rent review arbitrations . Aimed at both Arbitrators and those who need to know more about the dispute procedure.
650 _aAUDIO CASSETTES
690 _aLANDLORD AND TENANT-RENT REVIEWS
700 _aHolland, Robert
710 _aRoyal Institution of Chartered Surveyors
_94900
710 _aCollege of Estate Management
_9400
942 _n0
948 _c04/03/1997
999 _c85343
_d85343